| 000 -LEADER |
| fixed length control field |
00781pam a2200229 a 4500 |
| 001 - CONTROL NUMBER |
| control field |
13673 |
| 003 - CONTROL NUMBER IDENTIFIER |
| control field |
BD-DhUAP |
| 005 - DATE AND TIME OF LATEST TRANSACTION |
| control field |
20201108155114.0 |
| 008 - FIXED-LENGTH DATA ELEMENTS--GENERAL INFORMATION |
| fixed length control field |
200308r20102009ii a b 000 0 eng |
| 020 ## - INTERNATIONAL STANDARD BOOK NUMBER |
| International Standard Book Number |
812192801X |
| 040 ## - CATALOGING SOURCE |
| Original cataloging agency |
DLC |
| Transcribing agency |
DLC |
| Modifying agency |
BD-DhUAP |
| Language of cataloging |
Eng |
| 082 00 - DEWEY DECIMAL CLASSIFICATION NUMBER |
| Classification number |
539 MUR |
| Edition number |
23 |
| 100 ## - MAIN ENTRY--PERSONAL NAME |
| Personal name |
Murugeshan, R. |
| 245 10 - TITLE STATEMENT |
| Title |
Modern physics : |
| Remainder of title |
for B. Sc. / M. Sc. students as per syllabi of different Indian universities & also as per UGC model curriculum / |
| Statement of responsibility, etc. |
R. Murugeshan and Kiruthiga Sivaprasath. |
| 250 ## - EDITION STATEMENT |
| Edition statement |
14th ed. |
| 260 ## - PUBLICATION, DISTRIBUTION, ETC. |
| Place of publication, distribution, etc. |
New Delhi : |
| Name of publisher, distributor, etc. |
S. Chand & Co. ltd. |
| Date of publication, distribution, etc. |
c2009 [Reprinted 2010]. |
| 300 ## - PHYSICAL DESCRIPTION |
| Extent |
xvi, 992 pages : |
| Other physical details |
illustrations ; |
| Dimensions |
25 cm. |
| 501 ## - WITH NOTE |
| With note |
Multicolour revised edition. |
| 650 ## - SUBJECT ADDED ENTRY--TOPICAL TERM |
| Topical term or geographic name entry element |
Physics. |
| 700 ## - ADDED ENTRY--PERSONAL NAME |
| Personal name |
Sivaprasath, Kiruthiga. |
| 942 ## - ADDED ENTRY ELEMENTS (KOHA) |
| Source of classification or shelving scheme |
|
| Koha item type |
Book |